5 najgęściej zaludnionych miast w województwie łódzkim - Statystyki

Ogólne statystyki
  • Ten quiz został rozwiązany 32 razy
  • Średni wynik to 2 z 5
Statystyki odpowiedzi
Gęstość zaludnienia os./km² Miasto % Poprawnych
2267 Łódź
100%
1550 Bełchatów
52%
1886 Pabianice
52%
1605 Aleksandrów Łódzki
28%
1612 Zduńska Wola
12%
Nie znaleziono quizów pasujących do podanych kryteriów
Rozkład punktacji
Procent ludzi z każdym wynikiem
Percentyl według liczby udzielonych odpowiedzi
Twoja historia wyników
Nie rozwiązałeś tego quizu